000 00326nam a22001457a 4500
020 _a81-7656-358-7
041 _aENG
100 _aKanetkar.Y.P
245 _aUnderstanding Pointers in C
250 _a4th Edition
260 _aNew Delhi
_bBPB Publications
_c2009
300 _a539
650 _aM.Tech
856 _uM.Tech ( 7 )
999 _c1022
_d1022